[Event "ISL-chT1 2122"]
[Site "Reykjavik"]
[Date "2022.03.06"]
[Round "10.2"]
[White "Halldorsson, Gudmundur"]
[Black "Sammalvuo, Tapani"]
[Result "0-1"]
[WhiteElo "2137"]
[BlackElo "2411"]
[PlyCount "136"]
[EventDate "2021.09.30"]
[EventType "team-tourn"]
[EventRounds "10"]
[EventCountry "ISL"]
[SourceTitle "EXT 2023"]
[Source "ChessBase"]
[SourceDate "2022.10.05"]
[SourceVersion "1"]
[SourceVersionDate "2022.10.05"]
[SourceQuality "1"]
[WhiteTeam "Breidjablik Bolungarvik"]
[BlackTeam "Vikingaklubburinn"]
[WhiteTeamCountry "ISL"]
[BlackTeamCountry "ISL"]

1. d4 Nf6 2. c4 e6 3. Nc3 Bb4 4. Bd2 0-0 5. Nf3 c5 6. a3 Bxc3 7. Bxc3 b6 8. e3 Bb7 9. Be2 d6 10. 0-0 Nbd7 11. b4 Qe7 12. Qb3 Rab8 13. Rad1 Rfc8 14. dxc5 bxc5 15. Nd2 d5 16. b5 Ne8 17. a4 Nd6 18. Rfe1 Qg5 19. Bf1 a6 20. Ba1 axb5 21. cxb5 Ra8 22. Bc3 e5 23. Nf3 Qf6 24. Rxd5 c4 25. Qd1 Bxd5 26. Qxd5 Nb6 27. Qd1 Nb7 28. Nxe5 Nxa4 29. Bd4 Qe6 30. Qh5 Nd6 31. g3 g6 32. Qe2 Nxb5 33. Nxc4 Nxd4 34. exd4 Qe5 35. Qe3 Qxe3 36. Be2 Re8 37. Nxe3 Nc3 38. Bf3 Rad8 39. Rc1 Ne4 40. Rd1 Nd6 41. h4 Kg7 42. Kg2 Rc8 43. Rd3 Red8 44. g4 f6 45. Kg3 Nb5 46. d5 Nd6 47. Ng2 Nf7 48. Rd4 Rc3 49. Ne3 Nd6 50. Kf4 Ra3 51. Kg3 Rb8 52. Rd2 Rc3 53. Ra2 Rb7 54. Ra6 Nf7 55. Be4 Re7 56. Ra4 Ne5 57. Bg2 Nd3 58. Re4 Rd7 59. Rd4 Ne5 60. Be4 Nf7 61. Bg2 Ra3 62. Be4 Nd6 63. Bd3 Rc7 64. Bf1 f5 65. Bh3 fxg4 66. Bxg4 Re7 67. Be6 Rxe6 68. dxe6 Nf5+ 0-1

[Event "ISL-chT1 2122"]
[Site "Reykjavik"]
[Date "2022.03.05"]
[Round "9.2"]
[White "Jacobsen, Mikkel Manosri"]
[Black "Halldorsson, Gudmundur"]
[Result "1-0"]
[WhiteElo "2241"]
[BlackElo "2137"]
[PlyCount "65"]
[EventDate "2021.09.30"]
[EventType "team-tourn"]
[EventRounds "10"]
[EventCountry "ISL"]
[SourceTitle "EXT 2023"]
[Source "ChessBase"]
[SourceDate "2022.10.05"]
[SourceVersion "1"]
[SourceVersionDate "2022.10.05"]
[SourceQuality "1"]
[WhiteTeam "Taflfelag Reykjavikur"]
[BlackTeam "Breidjablik Bolungarvik"]
[WhiteTeamCountry "ISL"]
[BlackTeamCountry "ISL"]

1. d4 Nf6 2. Nf3 d5 3. c4 e6 4. e3 a6 5. b3 Nbd7 6. Bd3 b6 7. 0-0 Bb7 8. Bb2 Bd6 9. Qe2 0-0 10. Rd1 Qe7 11. Ne5 Rfd8 12. Nd2 Ne4 13. Nf1 Nxe5 14. dxe5 Ba3 15. cxd5 Bxd5 16. Bxa3 Qxa3 17. Qc2 Nc5 18. Bxh7+ Kf8 19. Ng3 a5 20. Be4 Nxe4 21. Nxe4 Qe7 22. Nc3 Bb7 23. Nb5 c5 24. Nd6 Bc6 25. f4 Kg8 26. Rd2 f6 27. exf6 Qxf6 28. Rad1 Bd5 29. Nc4 Bxc4 30. Qxc4 Kf8 31. Rxd8+ Rxd8 32. Rxd8+ Qxd8 33. Qxe6 1-0

[Event "ISL-chT1 2122"]
[Site "Reykjavik"]
[Date "2021.10.03"]
[Round "5.2"]
[White "Baldursson, Haraldur"]
[Black "Halldorsson, Gudmundur"]
[Result "0-1"]
[WhiteElo "1894"]
[BlackElo "2137"]
[PlyCount "106"]
[EventDate "2021.09.30"]
[EventType "team-tourn"]
[EventRounds "10"]
[EventCountry "ISL"]
[SourceTitle "EXT 2022"]
[Source "ChessBase"]
[SourceDate "2021.10.06"]
[SourceVersion "1"]
[SourceVersionDate "2021.10.06"]
[SourceQuality "1"]
[WhiteTeam "Vikingaklubburinn"]
[BlackTeam "Breidjablik Bolungarvik"]
[WhiteTeamCountry "ISL"]
[BlackTeamCountry "ISL"]

1. d4 Nf6 2. c4 e6 3. Nf3 d5 4. Nc3 Bb4 5. e3 0-0 6. a3 Bxc3+ 7. bxc3 b6 8. Bd3 Ba6 9. cxd5 exd5 10. Bxa6 Nxa6 11. Qd3 Qc8 12. c4 c6 13. 0-0 Re8 14. Bb2 Qb7 15. Rac1 Rac8 16. Rc2 Nb8 17. Rfc1 Ne4 18. h3 h6 19. cxd5 cxd5 20. Qb3 Nd6 21. Ne5 Rxc2 22. Rxc2 Rc8 23. Rxc8+ Nxc8 24. a4 Nd7 25. Qb5 Nf6 26. Ba3 Ne7 27. Qb4 Ng6 28. Qd6 Nxe5 29. dxe5 Ne4 30. Qf8+ Kh7 31. f4 Qd7 32. Qb4 h5 33. a5 Qc7 34. axb6 axb6 35. Qe7 Qc3 36. Qxf7 Qxe3+ 37. Kh2 Qxa3 38. e6 Qg3+ 39. Kg1 Qe1+ 40. Kh2 Nf6 41. f5 h4 42. Qg6+ Kh8 43. Qg5 Qg3+ 44. Qxg3 hxg3+ 45. Kxg3 Kg8 46. Kf4 Kf8 47. Ke5 Ke7 48. g4 b5 49. g5 Ne4 50. h4 b4 51. Kd4 b3 52. Kd3 d4 53. g6 Nc3 0-1

[Event "ISL-chT2 1819"]
[Site "Reykjavik"]
[Date "2019.03.03"]
[Round "7.4"]
[White "Thorarinsson, Pall A"]
[Black "Halldorsson, Gudmundur"]
[Result "1-0"]
[WhiteElo "2248"]
[BlackElo "2142"]
[PlyCount "97"]
[EventDate "2018.11.09"]
[EventType "team-tourn"]
[EventRounds "7"]
[EventCountry "ISL"]
[SourceTitle "CBM 189 Extra"]
[Source "ChessBase"]
[SourceDate "2019.06.03"]
[SourceVersion "1"]
[SourceVersionDate "2019.06.03"]
[SourceQuality "1"]
[WhiteTeam "Vikingaklubburinn II"]
[BlackTeam "Breidjablik Bolungavik II"]
[WhiteTeamCountry "ISL"]
[BlackTeamCountry "ISL"]

1. d4 d5 2. c4 e6 3. Nc3 Nf6 4. cxd5 exd5 5. Bg5 Be7 6. e3 Nbd7 7. Bd3 c6 8. Nf3 h6 9. Bh4 Nh5 10. Bxe7 Qxe7 11. 0-0 0-0 12. Rb1 a5 13. a3 Nhf6 14. Qc2 Re8 15. Nd2 c5 16. dxc5 Nxc5 17. Nf3 Bd7 18. Nd4 Rac8 19. Qd1 Qe5 20. Bb5 Bxb5 21. Ncxb5 Ne6 22. Nf3 Qb8 23. Rc1 Rc4 24. b3 Rxc1 25. Qxc1 Ng5 26. Nxg5 hxg5 27. Rd1 Rc8 28. Qb2 Rc5 29. a4 Qc8 30. Nd4 b6 31. h3 g4 32. hxg4 Nxg4 33. Qe2 Nf6 34. Qf3 Rc3 35. Qf4 Qg4 36. Qxg4 Nxg4 37. Kf1 Kf8 38. Ke2 g6 39. Rh1 Kg7 40. Rh4 f5 41. Kd2 Rc8 42. f3 Nf6 43. Ne6+ Kf7 44. Nd4 Kg7 45. Rh1 Kf7 46. Nb5 Rc6 47. Rh8 Ng8 48. Rh7+ Ke6 49. Nd4+ 1-0

[Event "ISL-chT 1718"]
[Site "Reykjavik"]
[Date "2017.10.21"]
[Round "3.1"]
[White "Halldorsson, Gudmundur"]
[Black "Bergthorsson, Jon Thor"]
[Result "1/2-1/2"]
[WhiteElo "2184"]
[BlackElo "2179"]
[PlyCount "74"]
[EventDate "2017.10.19"]
[EventType "team-tourn"]
[EventRounds "9"]
[EventCountry "ISL"]
[SourceTitle "CBM 181 Extra"]
[Source "ChessBase"]
[SourceDate "2017.12.12"]
[SourceVersion "1"]
[SourceVersionDate "2017.12.12"]
[SourceQuality "1"]
[WhiteTeam "Bolungarvik"]
[BlackTeam "KR CC"]
[WhiteTeamCountry "ISL"]
[BlackTeamCountry "ISL"]

1. c4 e6 2. Nf3 Nf6 3. g3 b6 4. Bg2 Bb7 5. 0-0 Be7 6. Nc3 0-0 7. d4 Ne4 8. Nxe4 Bxe4 9. Nh4 Bxg2 10. Nxg2 d6 11. e4 Nd7 12. Be3 c5 13. Rc1 Qc7 14. d5 exd5 15. Qxd5 Nf6 16. Qd3 Qb7 17. f3 b5 18. cxb5 a6 19. b4 axb5 20. bxc5 dxc5 21. Bxc5 Rfd8 22. Qe2 Bxc5+ 23. Rxc5 Qb6 24. Qxb5 Qxb5 25. Rxb5 Rxa2 26. Nf4 g6 27. Rf2 Rd1+ 28. Kg2 Rdd2 29. Nh3 h6 30. g4 Nh7 31. Rxd2 Rxd2+ 32. Kg3 g5 33. Rb3 Nf6 34. Re3 Kg7 35. Re1 Nd7 36. e5 Nc5 37. Re3 Ne6 1/2-1/2

[Event "ISL-chT 1718"]
[Site "Reykjavik"]
[Date "2017.10.20"]
[Round "2.5"]
[White "Halldorsson, Gudmundur"]
[Black "Hjartarson, Johann"]
[Result "0-1"]
[WhiteElo "2184"]
[BlackElo "2534"]
[PlyCount "64"]
[EventDate "2017.10.19"]
[EventType "team-tourn"]
[EventRounds "9"]
[EventCountry "ISL"]
[SourceTitle "CBM 181 Extra"]
[Source "ChessBase"]
[SourceDate "2017.12.12"]
[SourceVersion "1"]
[SourceVersionDate "2017.12.12"]
[SourceQuality "1"]
[WhiteTeam "Bolungarvik"]
[BlackTeam "Víkingaklubburinn"]
[WhiteTeamCountry "ISL"]
[BlackTeamCountry "ISL"]

1. Nf3 Nf6 2. c4 g6 3. Nc3 Bg7 4. e4 d6 5. d4 0-0 6. Be2 e5 7. 0-0 Nc6 8. Be3 Ng4 9. Bg5 f6 10. Bc1 f5 11. Bg5 Qe8 12. d5 Nd8 13. Ne1 Nf7 14. Bh4 Nxh2 15. Kxh2 g5 16. Nf3 gxh4 17. Nxh4 Nh6 18. Rh1 fxe4 19. Kg1 e3 20. fxe3 e4 21. Qc2 Bg4 22. Re1 Qe5 23. Nxe4 Qxb2 24. Qxb2 Bxb2 25. Nf3 Bg7 26. Rh4 Rae8 27. Nf2 Bxf3 28. Bxf3 Nf5 29. Re4 Rxe4 30. Bxe4 Bc3 31. Rd1 Nxe3 32. Rd3 Be1 0-1

[Event "ISL-chT 1415"]
[Site "Reykjavik"]
[Date "2015.03.21"]
[Round "8.1"]
[White "Halldorsson, Gudmundur"]
[Black "Thorfinnsson, Bjorn"]
[Result "0-1"]
[WhiteElo "2219"]
[BlackElo "2389"]
[PlyCount "78"]
[EventDate "2014.10.02"]
[EventType "team-tourn"]
[EventRounds "9"]
[EventCountry "ISL"]
[SourceTitle "EXT 2016"]
[Source "ChessBase"]
[SourceDate "2015.10.08"]
[SourceVersion "1"]
[SourceVersionDate "2015.10.08"]
[SourceQuality "1"]
[WhiteTeam "Bolungarvik"]
[BlackTeam "Reykjavik Taflfelag"]
[WhiteTeamCountry "ISL"]
[BlackTeamCountry "ISL"]

1. d4 Nf6 2. c4 c5 3. d5 e6 4. Nc3 exd5 5. cxd5 d6 6. Nf3 g6 7. g3 Bg7 8. Bg2 0-0 9. 0-0 a6 10. a4 Re8 11. Nd2 Nbd7 12. Nc4 Ne5 13. Nxe5 Rxe5 14. Bf4 Re8 15. Qd2 Ng4 16. Ne4 Ne5 17. Bg5 f6 18. Bh6 Bh8 19. Bf4 Nf7 20. Qc1 Bf5 21. Nc3 Qd7 22. e4 Bh3 23. Re1 Bxg2 24. Kxg2 b5 25. Qc2 b4 26. Nb1 f5 27. f3 g5 28. Bc1 g4 29. Nd2 gxf3+ 30. Nxf3 fxe4 31. Rxe4 Rxe4 32. Qxe4 Re8 33. Qc2 Qe7 34. Rb1 b3 35. Qxb3 Qe2+ 36. Kh3 c4 37. Qa3 Qf1+ 38. Kg4 h5+ 39. Kxh5 Qh3+ 0-1

[Event "ISL-chT 1415"]
[Site "Reykjavik"]
[Date "2014.10.04"]
[Round "3.3"]
[White "Halldorsson, Gudmundur"]
[Black "Larusson, Petur Atli"]
[Result "1-0"]
[WhiteElo "2219"]
[BlackElo "2061"]
[PlyCount "127"]
[EventDate "2014.10.02"]
[EventType "team-tourn"]
[EventRounds "9"]
[EventCountry "ISL"]
[SourceTitle "EXT 2015"]
[Source "ChessBase"]
[SourceDate "2014.11.20"]
[SourceVersion "1"]
[SourceVersionDate "2014.11.20"]
[SourceQuality "1"]
[WhiteTeam "Bolungarvik"]
[BlackTeam "Island"]
[WhiteTeamCountry "ISL"]
[BlackTeamCountry "ISL"]

1. d4 Nf6 2. c4 e6 3. Nc3 Bb4 4. e3 c5 5. Nge2 cxd4 6. exd4 d5 7. a3 Bxc3+ 8. Nxc3 dxc4 9. Bxc4 Nc6 10. Be3 0-0 11. 0-0 b6 12. d5 exd5 13. Nxd5 Ne5 14. Nxf6+ Qxf6 15. Bd5 Rb8 16. Bd4 Qd6 17. Bc3 Ba6 18. Re1 Nd3 19. Qg4 Qg6 20. Qxg6 hxg6 21. Re7 Nf4 22. Bf3 Rfe8 23. Rxa7 Ne2+ 24. Kh1 Bc4 25. Bb4 Nd4 26. Bd6 Rbc8 27. Bb7 Nb5 28. Bxc8 Rxc8 29. Rb7 Nxd6 30. Rxb6 Nf5 31. Rc1 Re8 32. Rc6 Be6 33. b4 Nd4 34. Ra6 Bf5 35. a4 Re2 36. f3 Rb2 37. b5 Nb3 38. Rd1 Bc2 39. Rd8+ Kh7 40. h4 g5 41. h5 g6 42. Rd7 Kg7 43. Raa7 gxh5 44. Rxf7+ Kg6 45. Rfc7 Nd4 46. Rc5 h4 47. Ra6+ Kh5 48. f4 Kg4 49. Rxg5+ Kxf4 50. Rg8 Bf5 51. Rh6 h3 52. Rh4+ Ke3 53. Re8+ Kf2 54. Rg8 Ne2 55. Kh2 Kf1 56. Rf8 Ng3 57. Rxf5+ Nxf5 58. Rf4+ Ke1 59. Rxf5 hxg2 60. Kg1 Ra2 61. Rf4 Kd1 62. b6 Rb2 63. a5 Rb5 64. Ra4 1-0

[Event "Reykjavik WOW Air op-A"]
[Site "Reykjavik"]
[Date "2014.05.10"]
[Round "6"]
[White "Halldorsson, Gudmundur"]
[Black "Bjornsson, Sigurbjorn"]
[Result "1/2-1/2"]
[WhiteElo "2192"]
[BlackElo "2360"]
[PlyCount "86"]
[EventDate "2014.03.31"]
[EventType "swiss"]
[EventRounds "7"]
[EventCountry "ISL"]
[SourceTitle "EXT 2015"]
[Source "ChessBase"]
[SourceDate "2014.11.20"]
[SourceVersion "1"]
[SourceVersionDate "2014.11.20"]
[SourceQuality "1"]

1. d4 d5 2. Nf3 Nf6 3. c4 c6 4. e3 Bf5 5. Nc3 e6 6. Nh4 Bg6 7. Be2 Nbd7 8. Nxg6 hxg6 9. Bd2 Qc7 10. h3 Ne4 11. Nxe4 dxe4 12. Qc2 Nf6 13. 0-0-0 0-0-0 14. c5 Kb8 15. Bc3 Be7 16. Kb1 Rd7 17. Rc1 g5 18. b4 Nd5 19. Qxe4 Nxc3+ 20. Rxc3 Bf6 21. Bc4 Rhd8 22. Rd1 g6 23. Rcd3 Bg7 24. f4 f5 25. Qf3 gxf4 26. Qxf4 e5 27. dxe5 Rxd3 28. Rxd3 Rxd3 29. Bxd3 Bxe5 30. Qc4 Qd8 31. b5 cxb5 32. Qxb5 a6 33. Qb3 Qa5 34. Qd5 Qe1+ 35. Kc2 Qxe3 36. Qd8+ Ka7 37. Qb6+ Ka8 38. Qxg6 Qxc5+ 39. Kd1 Qg1+ 40. Ke2 Qa1 41. Qxf5 Qxa2+ 42. Kf3 Bd4 43. Qe4 Qf7+ 1/2-1/2

[Event "ISL-chT 1213"]
[Site "Reykjavik"]
[Date "2013.03.02"]
[Round "7.4"]
[White "Halldorsson, Gudmundur"]
[Black "Oleksienko, Mikhailo"]
[Result "0-1"]
[WhiteElo "2197"]
[BlackElo "2539"]
[PlyCount "108"]
[EventDate "2012.10.05"]
[EventType "team-tourn"]
[EventRounds "7"]
[EventCountry "ISL"]
[SourceTitle "EXT 2014"]
[Source "ChessBase"]
[SourceDate "2013.11.20"]
[SourceVersion "1"]
[SourceVersionDate "2013.11.20"]
[SourceQuality "1"]
[WhiteTeam "Taflfelag Bolungarvikur II"]
[BlackTeam "Taflfelag Reykjavikur"]
[WhiteTeamCountry "ISL"]
[BlackTeamCountry "ISL"]

1. d4 Nf6 2. c4 e6 3. Nc3 Bb4 4. e3 0-0 5. Nge2 Re8 6. a3 Bf8 7. Ng3 d5 8. Bd2 Nbd7 9. cxd5 exd5 10. Be2 a5 11. 0-0 c6 12. Qc2 Nb6 13. b3 g6 14. a4 Bd6 15. Rfe1 h5 16. Bd3 h4 17. Nf1 Bb4 18. f3 Be6 19. Ne2 Bxd2 20. Nxd2 Nbd7 21. e4 Qb6 22. exd5 Bxd5 23. Nc4 Qc7 24. Bxg6 Bxc4 25. bxc4 fxg6 26. Qxg6+ Kh8 27. Qh6+ Nh7 28. Nf4 Ndf8 29. Qxh4 Qd6 30. Nd3 Ng6 31. Qg4 Rxe1+ 32. Rxe1 Rd8 33. Ne5 Nxe5 34. dxe5 Qc5+ 35. Kh1 Qxe5 36. Qh4 Qg5 37. Qxg5 Nxg5 38. h4 Nf7 39. Re7 Kg7 40. Rxb7 Rd4 41. g4 Rxc4 42. Rc7 Rxa4 43. Rxc6 Ne5 44. Rc3 Ra2 45. f4 Ng6 46. Rc7+ Kf8 47. Rc8+ Ke7 48. Rc7+ Kd6 49. Rh7 Nxf4 50. g5 Ke5 51. h5 Nh3 52. g6 Ng5 53. Kg1 Nf3+ 54. Kf1 Kf4 0-1

[Event "ISL-chT 1112"]
[Site "Reykjavik"]
[Date "2011.10.09"]
[Round "4.1"]
[White "Halldorsson, Gudmundur"]
[Black "Bjornsson, Sigurbjorn"]
[Result "0-1"]
[WhiteElo "2203"]
[BlackElo "2349"]
[PlyCount "134"]
[EventDate "2011.10.07"]
[EventType "team-tourn"]
[EventRounds "7"]
[EventCountry "ISL"]
[SourceTitle "EXT 2012"]
[Source "ChessBase"]
[SourceDate "2011.11.24"]
[SourceVersion "1"]
[SourceVersionDate "2011.11.24"]
[SourceQuality "1"]
[WhiteTeam "TB II"]
[BlackTeam "Hellir"]
[WhiteTeamCountry "ISL"]
[BlackTeamCountry "ISL"]

1. c4 Nf6 2. g3 c6 3. Nf3 d5 4. Bg2 Bg4 5. cxd5 Bxf3 6. Bxf3 cxd5 7. Qb3 Qd7 8. Nc3 e6 9. d4 Nc6 10. e3 Be7 11. 0-0 0-0 12. Bd2 Na5 13. Qc2 Rfc8 14. Rfc1 Rc6 15. Be1 Rac8 16. Qd1 Nc4 17. b3 Na3 18. Qd3 b5 19. Bd2 a6 20. Bd1 b4 21. Ne2 Ne4 22. Rxc6 Rxc6 23. Rc1 Nb5 24. f3 Rxc1 25. Nxc1 Nxd2 26. Qxd2 Qc6 27. Kf2 g6 28. Ke1 a5 29. Be2 Nc3 30. Bd3 Bd6 31. f4 a4 32. bxa4 Qxa4 33. Qc2 Qa3 34. Kf2 Kg7 35. Kf3 Nxa2 36. Qxa2 Qxc1 37. Qb1 Qd2 38. Qc2 Qe1 39. Qb1 Qc3 40. Bc2 h6 41. h4 Be7 42. Qb3 Qd2 43. Bb1 Qh2 44. Qd3 Qh1+ 45. Kf2 Qh2+ 46. Kf3 f5 47. Qc2 Qh1+ 48. Kf2 Qh2+ 49. Kf3 Qg1 50. Ba2 g5 51. hxg5 hxg5 52. fxg5 Bxg5 53. Qe2 Qh1+ 54. Kf2 Be7 55. Qf1 Qh8 56. Kg2 Bg5 57. Qa6 Qe8 58. Kf2 Qh5 59. Qe2 Qh2+ 60. Kf3 Qh1+ 61. Kf2 Qc1 62. Kf3 Qc3 63. Bb1 b3 64. Qd3 Qe1 65. g4 Bh4 66. Kg2 Qf2+ 67. Kh1 Qf3+ 0-1

[Event "ISL-chT 1112"]
[Site "Reykjavik"]
[Date "2011.10.07"]
[Round "1.1"]
[White "Halkias, Stelios"]
[Black "Halldorsson, Gudmundur"]
[Result "1-0"]
[WhiteElo "2591"]
[BlackElo "2203"]
[PlyCount "57"]
[EventDate "2011.10.07"]
[EventType "team-tourn"]
[EventRounds "7"]
[EventCountry "ISL"]
[SourceTitle "EXT 2012"]
[Source "ChessBase"]
[SourceDate "2011.11.24"]
[SourceVersion "1"]
[SourceVersionDate "2011.11.24"]
[SourceQuality "1"]
[WhiteTeam "TB"]
[BlackTeam "TB II"]
[WhiteTeamCountry "ISL"]
[BlackTeamCountry "ISL"]

1. Nf3 d6 2. d4 f5 3. Nc3 Nf6 4. Bg5 Nbd7 5. Qd3 g6 6. e4 fxe4 7. Nxe4 Bg7 8. 0-0-0 0-0 9. h4 d5 10. Ng3 Ng4 11. Qe2 Rf7 12. h5 Nf8 13. Be3 Qd6 14. hxg6 hxg6 15. Kb1 Bd7 16. c4 c6 17. Ng5 Rf6 18. Rh4 Nxe3 19. Qxe3 Ne6 20. c5 Qc7 21. N3e4 Nxg5 22. Nxg5 b6 23. Bd3 bxc5 24. Rdh1 Re8 25. dxc5 e5 26. g4 e4 27. Qh3 Kf8 28. Rh8+ Ke7 29. Qh7 1-0

[Event "Reykjavik op"]
[Site "Reykjavik"]
[Date "2010.03.02"]
[Round "8"]
[White "Ansell, Simon"]
[Black "Halldorsson, Gudmundur"]
[Result "1-0"]
[WhiteElo "2381"]
[BlackElo "2197"]
[PlyCount "137"]
[EventDate "2010.02.24"]
[EventType "swiss"]
[EventRounds "9"]
[EventCountry "ISL"]
[SourceTitle "CBM 135 Extra"]
[Source "ChessBase"]
[SourceDate "2010.05.04"]
[SourceVersion "1"]
[SourceVersionDate "2010.05.04"]
[SourceQuality "1"]

1. e4 e6 2. d3 d5 3. Nd2 Nf6 4. Ngf3 b6 5. c3 c5 6. Qa4+ Bd7 7. Qc2 Nc6 8. Be2 Bd6 9. 0-0 0-0 10. Re1 Ng4 11. Nf1 Qf6 12. h3 Nge5 13. Nxe5 Bxe5 14. Ne3 dxe4 15. dxe4 Qh4 16. Bf1 Rad8 17. a4 f5 18. Nc4 f4 19. Nd2 Bc7 20. Nf3 Qf6 21. a5 Ne5 22. Be2 Nxf3+ 23. Bxf3 b5 24. e5 Bxe5 25. Qe4 Bb8 26. a6 c4 27. Qc2 Be8 28. Be4 Bg6 29. Bxg6 hxg6 30. Qe4 Rd6 31. b3 Qxc3 32. Bxf4 Rb6 33. Be3 Bc7 34. bxc4 Qxc4 35. Qxc4 bxc4 36. Bxb6 Bxb6 37. Ra2 Kf7 38. Rc1 Rc8 39. Rac2 Rc5 40. Rxc4 Ra5 41. R1c3 Rxa6 42. Rf3+ Ke7 43. g3 e5 44. Kg2 Bd8 45. Re3 Kf6 46. Rd3 Ke7 47. Rd5 Re6 48. Re4 Bc7 49. Rc5 Bb8 50. Rb5 Rb6 51. Rxb6 axb6 52. Rg4 Kf7 53. Rb4 Bc7 54. Kf3 Ke6 55. Ke4 Kd6 56. Rb2 Kc6 57. Rc2+ Kd6 58. h4 b5 59. f3 Bb6 60. g4 b4 61. h5 Bd4 62. hxg6 b3 63. Rc8 b2 64. Rb8 Bc3 65. Kd3 Bd4 66. Kc2 e4 67. Rd8+ Kc5 68. fxe4 Bf6 69. Rd5+ 1-0

[Event "Reykjavik op"]
[Site "Reykjavik"]
[Date "2010.02.28"]
[Round "6"]
[White "Flaata, Alexander R"]
[Black "Halldorsson, Gudmundur"]
[Result "0-1"]
[WhiteElo "2069"]
[BlackElo "2197"]
[PlyCount "88"]
[EventDate "2010.02.24"]
[EventType "swiss"]
[EventRounds "9"]
[EventCountry "ISL"]
[SourceTitle "CBM 135 Extra"]
[Source "ChessBase"]
[SourceDate "2010.05.04"]
[SourceVersion "1"]
[SourceVersionDate "2010.05.04"]
[SourceQuality "1"]

1. e4 e6 2. d3 d5 3. Nd2 c5 4. Ngf3 Nc6 5. g3 g6 6. Bg2 Bg7 7. 0-0 Nge7 8. Rb1 0-0 9. Nh4 g5 10. Nhf3 Ng6 11. a3 b5 12. c4 bxc4 13. dxc4 g4 14. Ne1 dxc4 15. Qa4 Nce5 16. Nxc4 Nxc4 17. Qxc4 Ne5 18. Qxc5 Ba6 19. Bf4 Qb6 20. Qe7 Qd8 21. Qc5 Qf6 22. b4 Bxf1 23. Bxf1 Rfc8 24. Qe3 Rc3 25. Qe2 Nf3+ 26. Nxf3 gxf3 27. Qa6 Qd4 28. Re1 Qb6 29. a4 Bd4 30. Qxb6 axb6 31. Rd1 e5 32. Bd2 Rc2 33. Bd3 Rb2 34. a5 bxa5 35. bxa5 Rd8 36. Be1 Bc5 37. Kf1 Rb3 38. Rc1 Rdxd3 39. Rxc5 Rb1 40. Rd5 Rd4 41. Rxd4 exd4 42. a6 Ra1 43. a7 Rxa7 44. Bb4 Ra1+ 0-1

[Event "Reykjavik op"]
[Site "Reykjavik"]
[Date "2010.02.27"]
[Round "5"]
[White "Halldorsson, Gudmundur"]
[Black "Vaarala, Eric"]
[Result "0-1"]
[WhiteElo "2197"]
[BlackElo "2032"]
[PlyCount "110"]
[EventDate "2010.02.24"]
[EventType "swiss"]
[EventRounds "9"]
[EventCountry "ISL"]
[SourceTitle "CBM 135 Extra"]
[Source "ChessBase"]
[SourceDate "2010.05.04"]
[SourceVersion "1"]
[SourceVersionDate "2010.05.04"]
[SourceQuality "1"]

1. c4 c6 2. d4 d5 3. cxd5 cxd5 4. Nf3 Nc6 5. Nc3 Nf6 6. Bf4 a6 7. e3 e6 8. Bd3 Bd6 9. Bg3 b5 10. Rc1 Bb7 11. 0-0 Rc8 12. Ne5 Bxe5 13. dxe5 Nd7 14. f4 g6 15. Bb1 Nb6 16. Bf2 h5 17. b3 b4 18. Ne2 Ne7 19. e4 Nd7 20. Rxc8 Qxc8 21. f5 dxe4 22. fxe6 fxe6 23. Ng3 e3 24. Bxe3 Nf5 25. Bf2 Nc5 26. Qc2 Nd7 27. Qd2 Qc3 28. Qg5 Nxe5 29. Re1 0-0 30. Be4 Nxg3 31. Qxg3 Bxe4 32. Rxe4 Ng4 33. Bd4 Qxg3 34. hxg3 e5 35. Bc5 Rc8 36. Bxb4 Rc1+ 37. Be1 Ra1 38. Re2 Kf7 39. Kf1 Ke6 40. Rb2 Kf5 41. Ke2 Ke4 42. a4 Ne3 43. Bd2 Nf5 44. Kf2 Kd3 45. Ba5 Rd1 46. b4 e4 47. Rb3+ Kc4 48. Rb2 e3+ 49. Ke2 Rg1 50. Rc2+ Kb3 51. Rc5 Rxg2+ 52. Kf3 Rxg3+ 53. Kf4 Rg4+ 54. Kf3 Kxa4 55. Re5 Rg1 0-1

[Event "EU-Cup 25th"]
[Site "Ohrid"]
[Date "2009.10.05"]
[Round "2.4"]
[White "Alava, Mikko"]
[Black "Halldorsson, Gudmundur"]
[Result "1-0"]
[WhiteElo "2204"]
[BlackElo "2229"]
[PlyCount "63"]
[EventDate "2009.10.04"]
[EventType "team-swiss"]
[EventRounds "7"]
[EventCountry "MKD"]
[SourceTitle "CBM 133"]
[Source "ChessBase"]
[SourceDate "2009.11.19"]
[SourceVersion "1"]
[SourceVersionDate "2009.11.19"]
[SourceQuality "1"]
[WhiteTeam "Etela Vantaan"]
[BlackTeam "Bolungarvik"]
[WhiteTeamCountry "FIN"]
[BlackTeamCountry "ISL"]

1. e4 e6 2. d4 d5 3. e5 c5 4. c3 Nc6 5. Nf3 Bd7 6. a3 Nge7 7. Bd3 cxd4 8. cxd4 Qb6 9. Bc2 Nf5 10. Bxf5 exf5 11. Nc3 Be6 12. 0-0 Rc8 13. Na4 Qd8 14. b4 b6 15. Bd2 Be7 16. b5 Na5 17. Bxa5 bxa5 18. Qb3 0-0 19. Rfc1 Rc4 20. Nc5 Bxc5 21. dxc5 Re4 22. b6 a4 23. Qb5 axb6 24. cxb6 Qd7 25. Qxd7 Bxd7 26. Rc7 Be6 27. b7 Rc4 28. Rc1 h6 29. R1xc4 dxc4 30. Nd4 Bd5 31. Nxf5 Kh7 32. Rc8 1-0

[Event "EU-Cup 25th"]
[Site "Ohrid"]
[Date "2009.10.04"]
[Round "1.5"]
[White "Halldorsson, Gudmundur"]
[Black "Simacek, Pavel"]
[Result "0-1"]
[WhiteElo "2229"]
[BlackElo "2499"]
[PlyCount "72"]
[EventDate "2009.10.04"]
[EventType "team-swiss"]
[EventRounds "7"]
[EventCountry "MKD"]
[SourceTitle "CBM 133"]
[Source "ChessBase"]
[SourceDate "2009.11.19"]
[SourceVersion "1"]
[SourceVersionDate "2009.11.19"]
[SourceQuality "1"]
[WhiteTeam "Bolungarvik"]
[BlackTeam "Novoborsky"]
[WhiteTeamCountry "ISL"]
[BlackTeamCountry "CZE"]

1. c4 e5 2. g3 Nf6 3. Bg2 d5 4. cxd5 Nxd5 5. Nf3 Nc6 6. 0-0 Nb6 7. d3 Be7 8. Nbd2 Be6 9. a3 a5 10. b3 0-0 11. Bb2 f6 12. Rc1 Rf7 13. Qc2 Qf8 14. Ra1 Rd8 15. e3 g5 16. d4 g4 17. Nh4 exd4 18. Qe4 Bc8 19. exd4 f5 20. Qf4 Nd5 21. Bxd5 Rxd5 22. Nc4 Rg7 23. Ne3 Bg5 24. Nxd5 Bxf4 25. Nxf4 Re7 26. Rfe1 Qf6 27. Rxe7 Nxe7 28. Re1 Bd7 29. Re5 Nc6 30. Rd5 Be6 31. Rb5 Bc8 32. Rd5 Be6 33. Rb5 Bc8 34. Nd3 b6 35. a4 Qd6 36. Nf4 Na7 0-1

[Event "ISL-chT 0910"]
[Site "Reykjavik"]
[Date "2009.09.27"]
[Round "4"]
[White "Thorgeirsson, Sverrir"]
[Black "Halldorsson, Gudmundur"]
[Result "1-0"]
[WhiteElo "2142"]
[BlackElo "2229"]
[PlyCount "67"]
[EventDate "2009.09.25"]
[EventType "team-tourn"]
[EventRounds "7"]
[EventCountry "ISL"]
[SourceTitle "CBM 132 Extra"]
[Source "ChessBase"]
[SourceDate "2009.11.03"]
[SourceVersion "1"]
[SourceVersionDate "2009.11.03"]
[SourceQuality "1"]

1. e4 e6 2. d4 d5 3. Nd2 Be7 4. e5 Nh6 5. Bd3 c5 6. c3 cxd4 7. cxd4 Nc6 8. Ndf3 Nf5 9. Ne2 0-0 10. 0-0 f6 11. exf6 Bxf6 12. Re1 e5 13. dxe5 Nxe5 14. Nxe5 Bxe5 15. Ng3 Qd6 16. Qc2 g6 17. Bd2 Nd4 18. Qb1 Bf5 19. Bc3 Bxd3 20. Qxd3 Nc6 21. Rxe5 Nxe5 22. Qd4 Rf3 23. Qxe5 Qxe5 24. Bxe5 Rf7 25. Rc1 Re8 26. Bd4 a6 27. Kf1 Rf4 28. Rd1 Rc8 29. Bc3 Rc5 30. Ne2 Rh4 31. h3 Kf7 32. Nd4 Rh5 33. Nf3 Ke8 34. g4 1-0